000 00726nac a22002051u 4500
010 _a92035793
020 _a007002121X
020 _a0074635123
082 0 0 _a621.3815
_bA6355
090 _c675
_d675
100 _aAntoniou, Andreas,
245 1 0 _aDigital filters :
_banalysis, design, and applications /
_cAndreas Antoniou.
250 _a2nd ed.
260 _aNew Delhi :
_bMcGraw-Hill,
_cc1993.
300 _axxvi, 689 p. :
_bill. ;
_c25 cm.
504 _aIncludes bibliographical references and index.
650 0 _aElectric filters, Digital.
942 _cBB
_k621.3815A6355
999 _c675
_d675